书目信息 |
| 题名: |
咖啡完全掌握手册
|
|
| 作者: | 堀口俊英 著 ;王慧 译 | |
| 分册: | ||
| 出版信息: | 福州 福建科学技术出版社 2014 |
|
| 页数: | 198页 | |
| 开本: | 24cm | |
| 丛书名: | ||
| 单 册: | ||
| 中图分类: | TS273 | |
| 科图分类: | ||
| 主题词: | 咖啡--基本知识 | |
| 电子资源: | ||
| ISBN: | 978-7-5335-4616-8 | |
| 000 | 01061nam0 2200265 450 | |
| 001 | 012015000173 | |
| 005 | 20151130142651.67 | |
| 010 | @a978-7-5335-4616-8@dCNY68.00 | |
| 100 | @a20141212d2014 em y0chiy50 ea | |
| 101 | 1 | @achi@cjpn |
| 102 | @aCN@b350000 | |
| 105 | @aab z 000yy | |
| 106 | @ar | |
| 200 | 1 | @a咖啡完全掌握手册@Aka fei wan quan zhang wo shou ce@f(日)堀口俊英著@g王慧译 |
| 210 | @a福州@c福建科学技术出版社@d2014 | |
| 215 | @a198页@c图,彩照,地图@d24cm | |
| 300 | @a品鉴宝典 | |
| 305 | @a由日本株式会社新星出版社授权出版 | |
| 330 | @a本书囊括了咖啡所有的知识,如产地、品种、保存方法、精制方法、品质管理、提升香味手段、冲泡方法以及其历史文化等。作者在书中对现在拥有很高人气的精品咖啡也作了翔实的分析,包括精品咖啡评测组织以及美国精品咖啡协会(SCAA)等组织的不同咖啡杯测评定标准的分析,为我们清晰展示了精品咖啡的概念。 | |
| 606 | 0 | @a咖啡@x基本知识 |
| 690 | @aTS273@v5 | |
| 701 | 0 | @c(日)@a堀口俊英@Aku kou jun ying@f(1948-)@4著 |
| 702 | 0 | @a王慧@Awang hui@4译 |
| 801 | 0 | @aCN@b碧洲教育@c20151127 |
| 905 | @a10447@f3@dTS273@e191 | |
| 咖啡完全掌握手册/(日)堀口俊英著/王慧译.-福州:福建科学技术出版社,2014 |
| 198页:图,彩照,地图;24cm |
| 品鉴宝典 |
| ISBN 978-7-5335-4616-8:CNY68.00 |
| 本书囊括了咖啡所有的知识,如产地、品种、保存方法、精制方法、品质管理、提升香味手段、冲泡方法以及其历史文化等。作者在书中对现在拥有很高人气的精品咖啡也作了翔实的分析,包括精品咖啡评测组织以及美国精品咖啡协会(SCAA)等组织的不同咖啡杯测评定标准的分析,为我们清晰展示了精品咖啡的概念。 |
| ● |
| 相关链接 |
|
|
|
|
正题名:咖啡完全掌握手册
索取号:TS273/191
 
预约/预借
| 序号 | 登录号 | 条形码 | 馆藏地/架位号 | 状态 | 备注 |
| 1 | 0871513 | 208715130 | 第二样本阅览室/ [索取号:TS273/191] | 在馆 | |
| 2 | 0871514 | 208715149 | 第三借阅区/ [索取号:TS273/191] | 在馆 | |
| 3 | 0871515 | 208715158 | 第三借阅区/ [索取号:TS273/191] | 在馆 |